LEADER 01156nam a2200253 u 4500 001 000000036362 003 CaOOAMICUS 005 20070226112706.0 008 980323m1846 it u000 u lat u 035 $a10787096 040 $aPUL(R)$bita 100 1 $aBerardi, Carlo Sebastiano,$csac.,$d1719-1768.$0(OLS)http://pul/name/4805 245 10$aCaroli Sebastiani Berardi ... Commentaria in jus ecclesiasticum universum. 260 $aMediolani :$bsumptibus Laurentii Rossi,$c<1846>. 300 $a4 v ;$c27 cm 650 4$aDiritto pubblico ecclesiastico.$0(OLS)http://pul/subject/1804 740 0 $aCommentaria in jus ecclesiasticum universum. 850 $aPUL 852 $aPUL$W1$xDP1 Antico 800$y27$m149 C 26$j49822$nBK-PRI$b $qStampati Antico$B49822$CPULBib$Z2$F49822 $H $81 941 1 $a15 961 $aINV: 17548 996 $6245$aCaroli Sebastiani Berardi ... Commentaria in jus ecclesiasticum universum$9(OLS)http://pul/title/49753 996 $6740$aCommentaria in jus ecclesiasticum universum$9(OLS)http://pul/title/49754 996 $6260$aMediolani :$bsumptibus Laurentii Rossi$9(OLS)http://pul/publisher/62907 LEADER 00759nam a2200205 u 4500 001 000000058982 003 CaOOAMICUS 005 20070226120742.0 008 010619s1992 it u000 u ita u 035 $a10893019 040 $aPUL(R)$bita 245 00$aMafia :$banatomia di un regime. 260 $aRoma :$bLibrerie Associate,$c1992. 300 $a118 p. ;$c18 cm 650 4$aMafia.$0(OLS)http://pul/subject/12684 850 $aPUL 852 $aPUL$W1$xDP1 Altre Collocazioni$y17$mSenza collocazione$j12$nBK-PRI$b $qStampati$B76984$CPULBib$Z2$F76984 $H $81 941 1 $a8 996 $6245$aMafia :$banatomia di un regime$9(OLS)http://pul/title/79007 996 $6260$aRoma :$bLibrerie Associate$9(OLS)http://pul/publisher/69724